[Event "51st Canadian Open 2014"]
[Site "Montreal CAN"]
[Date "2014.07.22"]
[Round "5.12"]
[White "Foisor, Sabina-Francesca"]
[Black "Perez Rodriguez, Luis Manuel"]
[Result "1/2-1/2"]
[WhiteTitle "WGM"]
[BlackTitle "GM"]
[WhiteElo "2234"]
[BlackElo "2387"]
[WhiteFideId "1212915"]
[BlackFideId "3503364"]
[EventDate "2014.07.19"]

1. d4 d5 2. c4 c6 3. e3 Nf6 4. Nf3 e6 5. b3 Nbd7 6. Bd3 Bb4+ 7. Nbd2 Bc3 8. Rb1
e5 9. Nxe5 Nxe5 10. dxe5 Bxe5 11. h3 O-O 12. Qc2 Re8 13. O-O Bc7 14. Bb2 Qd6 15.
Nf3 Ne4 16. Rfd1 Bf5 17. cxd5 cxd5 18. Ba3 Qxa3 19. Qxc7 Qxa2 20. Rf1 Rac8 21.
Qf4 Bg6 22. Ne5 Nf6 23. Nxg6 hxg6 24. Qb4 a5 25. Qxb7 Rb8 26. Qc7 Rec8 27. Qe7
Re8 28. Qc5 Rxb3 29. Ra1 Qb2 30. Ba6 Rc3 31. Qxa5 Rc2 32. Bd3 1/2-1/2

[Event "51st Canadian Open 2014"]
[Site "Montreal CAN"]
[Date "2014.07.22"]
[Round "5.15"]
[White "Ruiz Sanchez, Orlen"]
[Black "Masse, Hugues"]
[Result "1/2-1/2"]
[WhiteTitle "IM"]
[WhiteElo "2465"]
[BlackElo "2202"]
[WhiteFideId "3506231"]
[BlackFideId "2604264"]
[EventDate "2014.07.19"]

1. e4 c5 2. Nc3 d6 3. f4 g6 4. Nf3 Bg7 5. Bb5+ Bd7 6. Bc4 e6 7. d4 Ne7 8. dxc5
dxc5 9. O-O O-O 10. Qd6 b6 11. Rd1 Nc8 12. Qd3 Qc7 13. e5 Rd8 14. Ng5 Nc6 15.
Nb5 Qb7 16. Qh3 h6 17. Ne4 a6 18. Nbd6 Nxd6 19. Nxd6 Qc7 20. c3 Ne7 21. Be3 Nf5
22. Nxf5 exf5 23. Bf2 b5 24. Bd5 Bc6 25. c4 bxc4 26. Bxc4 Bb5 27. Bd5 Bc6 28.
Bxc6 Qxc6 29. Qe3 Bf8 30. b3 Rd5 31. Rxd5 Qxd5 32. Qe2 a5 33. Rd1 Qe6 34. Qf3
Rc8 35. Qd5 Qxd5 36. Rxd5 c4 37. bxc4 Rxc4 38. Be3 Bb4 39. h4 h5 40. Bb6 Rxf4
41. Bd8 Rc4 42. Bf6 Rc8 43. Kf2 Re8 44. a4 Be7 45. Bxe7 Rxe7 46. Rxa5 Rc7 47. g3
Rc4 48. Ra8+ Kg7 49. a5 Re4 1/2-1/2

[Event "51st Canadian Open 2014"]
[Site "Montreal CAN"]
[Date "2014.07.22"]
[Round "5.16"]
[White "Ramachandran, Karthik N"]
[Black "Kleinplatz, Sam"]
[Result "1/2-1/2"]
[BlackTitle "FM"]
[WhiteElo "2153"]
[BlackElo "2257"]
[WhiteFideId "2005115"]
[BlackFideId "616680"]
[EventDate "2014.07.19"]

1. d4 Nf6 2. c4 g6 3. g3 c5 4. d5 b5 5. cxb5 a6 6. bxa6 Bg7 7. Bg2 d6 8. Nc3
Bxa6 9. Nf3 O-O 10. O-O Nbd7 11. h3 Qa5 12. Qc2 Nb6 13. Rd1 Ne8 14. Nd2 Nc4 15.
Nxc4 Bxc4 16. Bd2 Qa6 17. Bf1 Qb7 18. b3 Ba6 19. Rab1 Nc7 20. a4 Nxd5 21. Bg2 e6
22. Nxd5 exd5 23. Bc3 Bxc3 24. Qxc3 Qe7 25. Bxd5 Rab8 26. e3 Rb4 27. Rb2 Bc8 28.
Bg2 Be6 29. Qd2 Rfb8 30. Qxd6 Qa7 31. Ra1 c4 32. a5 Rxb3 33. Rba2 c3 34. Bd5
Bxd5 35. Qxd5 Qa6 36. Rc1 Rb1 37. Qd1 R1b2 38. Ra3 Qf6 39. Qe1 c2 40. a6 Ra8 41.
Qf1 Qd6 42. Raa1 Qc5 43. Qd3 h5 44. h4 Kh7 45. Kh2 Ra7 46. Ra3 Qb6 47. Qc3 Rc7
48. Qxc7 Qxc7 49. a7 Rb1 50. a8=Q Rxc1 51. Ra7 Rh1+ 52. Kxh1 c1=Q+ 53. Kh2 Q1c6
54. Rxc7 Qxa8 55. Rxf7+ Kg8 56. Rf4 Qa1 57. Kg2 Kg7 58. Kf3 Qf1 59. Ke4 Qd1 60.
Ke5 Qd3 61. Ke6 Qb5 62. Kd6 Kg8 63. Ke6 Qc6+ 64. Ke5 Qd7 65. Ke4 Qd1 66. Ke5 Kg7
67. Ke4 Qd2 68. Ke5 1/2-1/2

[Event "51st Canadian Open 2014"]
[Site "Montreal CAN"]
[Date "2014.07.22"]
[Round "5.17"]
[White "Zhang, Yuanchen"]
[Black "Rodriguez, Adrien"]
[Result "0-1"]
[WhiteTitle "FM"]
[WhiteElo "2170"]
[BlackElo "2203"]
[WhiteFideId "2611902"]
[BlackFideId "20691866"]
[EventDate "2014.07.19"]

1. d4 Nf6 2. c4 e6 3. Nc3 c5 4. d5 exd5 5. cxd5 Bd6 6. e4 O-O 7. Nf3 Re8 8. Bd3
Bc7 9. O-O d6 10. h3 a6 11. a4 Nbd7 12. Bf4 Nf8 13. Nd2 Ng6 14. Bh2 Rb8 15. f4
Bd7 16. Nf3 c4 17. Bc2 b5 18. axb5 axb5 19. e5 b4 20. Ne2 dxe5 21. Bxg6 hxg6 22.
fxe5 Ne4 23. Ned4 Bb5 24. d6 Bb6 25. Kh1 Qd7 26. Qc2 Bxd4 27. Nxd4 Nc5 28. Rf3
Ne6 29. Nxe6 Rxe6 30. Qf2 Bc6 31. Re3 Ree8 32. Qf4 Bd5 33. Qd4 Qc6 34. Re2 Rbd8
35. Rd1 Be6 36. Re3 Rd7 37. Bf4 Rc8 38. h4 Qb7 39. Rg3 c3 40. bxc3 b3 41. Rb1 b2
42. Qd2 Rcd8 43. h5 Bf5 44. Bh6 Bxb1 45. Bxg7 Kxg7 46. Qg5 Rh8 47. Qf6+ Kg8 0-1

[Event "51st Canadian Open 2014"]
[Site "Montreal CAN"]
[Date "2014.07.22"]
[Round "5.18"]
[White "Villavieja, Butch"]
[Black "Poulin, Maurice"]
[Result "1-0"]
[WhiteElo "2158"]
[BlackElo "1989"]
[WhiteFideId "5204461"]
[BlackFideId "2603225"]
[EventDate "2014.07.19"]

1. e4 g6 2. d4 Bg7 3. Nc3 d6 4. Bg5 h6 5. Be3 a6 6. a4 Nd7 7. Nf3 e6 8. Qd2 Ne7
9. Bc4 Nf6 10. h3 d5 11. exd5 Nexd5 12. Nxd5 Nxd5 13. Bxd5 Qxd5 14. O-O Bd7 15.
c4 Qf5 16. d5 exd5 17. cxd5 O-O-O 18. Rfc1 Bc6 19. Rxc6 bxc6 20. Qa5 Qxd5 21.
Qxa6+ Kd7 22. Qe2 Qa5 23. Qc4 Qd5 24. Qe2 Qa5 25. Bd2 Qd5 26. Bb4 Rhe8 27. Qf1
Qb3 28. Bc5 Kc8 29. Qa6+ Qb7 30. Qc4 Rd5 31. Rb1 f5 32. b4 Re4 33. Qc2 Qa6 34.
Be3 Qc4 35. Qxc4 Rxc4 36. Nd2 Rc2 37. Nb3 Rb2 38. Rxb2 Bxb2 39. Bxh6 Ba3 40. Bf8
Rd3 41. Na5 Kd7 42. Nc4 Rd1+ 43. Kh2 Ra1 44. a5 Bc1 45. g3 Ke6 46. Ne5 Ra2 47.
Nd3 Bd2 48. Kg2 Ra3 49. Nf4+ Kf7 50. Bc5 Rb3 51. a6 Ra3 52. a7 g5 53. Nd3 Ra6
54. Ne5+ Ke6 55. Nf3 Bxb4 56. Bxb4 Rxa7 57. Nxg5+ Kf6 58. h4 Ra4 59. Bc3+ Kg6
60. Ne6 c5 61. Nxc7 Ra3 62. Nd5 Kf7 63. h5 Ke6 64. Nf4+ Kd6 65. h6 Ra8 66. Bg7 1-0

[Event "51st Canadian Open 2014"]
[Site "Montreal CAN"]
[Date "2014.07.22"]
[Round "5.19"]
[White "Tang, Edward"]
[Black "Sapozhnikov, Roman"]
[Result "0-1"]
[BlackTitle "FM"]
[WhiteElo "2161"]
[BlackElo "2299"]
[WhiteFideId "2610892"]
[BlackFideId "2601842"]
[EventDate "2014.07.19"]

1. d4 Nf6 2. c4 e6 3. Nc3 Bb4 4. e3 c5 5. Bd3 cxd4 6. exd4 d5 7. Nf3 O-O 8. O-O
dxc4 9. Bxc4 b6 10. Bg5 Nc6 11. Rc1 Bb7 12. Bd3 Be7 13. Bb1 Nb4 14. Ne5 g6 15.
Bh6 Re8 16. Re1 Nbd5 17. Qe2 Bf8 18. Bg5 h6 19. Bd2 Nxc3 20. bxc3 Qd5 21. f3 Bg7
22. Be3 Re7 23. c4 Qa5 24. Red1 Rc8 25. Qd3 Nd7 26. Ng4 Kh7 27. Nf2 e5 28. Bd2
Qa4 29. Ne4 exd4 30. Nd6 Nc5 31. Qc2 Qxc2 32. Bxc2 Rb8 33. Nxb7 Nxb7 34. Kf1 d3
35. Bb1 a5 0-1

[Event "51st Canadian Open 2014"]
[Site "Montreal CAN"]
[Date "2014.07.22"]
[Round "5.20"]
[White "Rey, Fabrice"]
[Black "Fleites Marti, Yuleikys"]
[Result "1-0"]
[BlackTitle "WIM"]
[WhiteElo "2152"]
[BlackElo "2163"]
[WhiteFideId "606820"]
[BlackFideId "3502759"]
[EventDate "2014.07.19"]

1. d4 d5 2. c4 c6 3. Nf3 Nf6 4. Qb3 e6 5. g3 Be7 6. Bg2 Nbd7 7. O-O Qb6 8. c5
Qa6 9. Qc2 O-O 10. b4 b6 11. Bf4 Ne4 12. h4 Bf6 13. Nbd2 Nxd2 14. Qxd2 Qa4 15.
Rab1 Ba6 16. Rfc1 Bb5 17. Bd6 Rfc8 18. Rc3 a5 19. a3 Ra7 20. g4 Rca8 21. g5 Bd8
22. h5 axb4 23. axb4 Qa6 24. g6 Qc8 25. gxf7+ Kxf7 26. Bh3 Bf6 27. Qf4 Nf8 28.
Re3 Kg8 29. cxb6 Rb7 30. Bc5 Kh8 31. Ng5 Bxg5 32. Qxg5 h6 33. Qg4 Nh7 34. Qxe6
Qxe6 35. Bxe6 Nf6 36. Rbb3 Nd7 37. Bxd7 Rxd7 38. Ra3 Ba6 39. Re6 Kh7 40. Rxc6
Bb7 41. Rxa8 Bxc6 42. Ra5 Kg8 43. Kg2 Kf7 44. Kg3 Kf6 45. Kf4 Rf7 46. Ra3 Ke6+
47. Kg3 g6 48. hxg6 Rg7 49. Kh4 Kf5 50. Kh5 Be8 51. Rf3+ Ke6 52. Re3+ Kd7 53. b7 1-0

[Event "51st Canadian Open 2014"]
[Site "Montreal CAN"]
[Date "2014.07.22"]
[Round "5.21"]
[White "Zhou, Qiyu"]
[Black "Tomb, Maroun"]
[Result "1-0"]
[WhiteTitle "WCM"]
[WhiteElo "2029"]
[BlackElo "2147"]
[WhiteFideId "505161"]
[BlackFideId "5300398"]
[EventDate "2014.07.19"]

1. e4 c5 2. Nf3 Nc6 3. d4 cxd4 4. Nxd4 g6 5. c4 Nf6 6. Nc3 Bg7 7. Be3 Ng4 8.
Qxg4 Nxd4 9. Qd1 Ne6 10. Qd2 Qa5 11. Rc1 b6 12. Bd3 Bb7 13. O-O d6 14. Bb1 Rc8
15. b3 g5 16. Qb2 Qe5 17. Qa3 Ra8 18. Qa4+ Kf8 19. Qd7 Rb8 20. Nd5 Bf6 21. Rfd1
Kg7 22. Nxe7 Rhd8 23. Nf5+ Kf8 24. Qa4 Nc5 25. Qxa7 Nxe4 26. Ng3 Nc5 27. b4 Ra8
28. Qxb6 Ra6 29. Qb5 Bc6 30. bxc5 Bxb5 31. cxb5 Ra4 32. c6 Qxb5 33. c7 Rc8 34.
Bf5 Raa8 35. Rxd6 Rxc7 36. Rxc7 Be5 37. Rb6 Qd5 38. Rd7 Qc4 39. Rbb7 Rxa2 40.
Rxf7+ Qxf7 41. Rxf7+ Kxf7 42. Bxh7 Ra1+ 43. Nf1 Kf6 44. g3 Re1 45. Kg2 g4 46.
Nd2 Ke6 47. Nc4 Ra1 48. Bf4 1-0

[Event "51st Canadian Open 2014"]
[Site "Montreal CAN"]
[Date "2014.07.23"]
[Round "6.2"]
[White "Moradiabadi, Elshan"]
[Black "Van Kampen, Robin"]
[Result "1/2-1/2"]
[WhiteTitle "GM"]
[BlackTitle "GM"]
[WhiteElo "2593"]
[BlackElo "2636"]
[WhiteFideId "12501255"]
[BlackFideId "1020854"]
[EventDate "2014.07.19"]

1. Nf3 Nf6 2. c4 g6 3. Nc3 Bg7 4. e4 d6 5. d4 O-O 6. Be2 e5 7. O-O Nc6 8. d5 Ne7
9. b4 Nh5 10. Re1 f5 11. Ng5 Nf4 12. Bxf4 exf4 13. Rc1 Bf6 14. Ne6 Bxe6 15. dxe6
Bxc3 16. Rxc3 fxe4 17. Bf1 e3 18. fxe3 fxe3 19. Rcxe3 c6 20. Kh1 d5 21. cxd5
cxd5 22. Be2 Qb6 23. Bf3 Rf4 24. a3 Rd8 25. Rd3 Rf5 26. Qd2 Qd6 27. h3 Rdf8 28.
Qe2 Rc8 29. Bg4 Rf4 30. Qe5 Qxe5 31. Rxe5 Rf1+ 32. Kh2 Kg7 33. Bf3 Kf6 34. Re2
Rc6 35. Bxd5 1/2-1/2

[Event "51st Canadian Open 2014"]
[Site "Montreal CAN"]
[Date "2014.07.23"]
[Round "6.5"]
[White "Fedorowicz, John P"]
[Black "Sevian, Samuel"]
[Result "1-0"]
[WhiteTitle "GM"]
[BlackTitle "IM"]
[WhiteElo "2422"]
[BlackElo "2464"]
[WhiteFideId "2000083"]
[BlackFideId "2040506"]
[EventDate "2014.07.19"]

1. d4 Nf6 2. c4 c5 3. d5 e6 4. Nc3 exd5 5. cxd5 d6 6. Nf3 g6 7. g3 Bg7 8. Bg2
O-O 9. O-O a6 10. a4 Re8 11. Bf4 Nh5 12. Bg5 Qc7 13. Qd2 Nd7 14. Rfc1 b6 15.
Rab1 Ne5 16. b4 Bd7 17. Nxe5 Bxe5 18. a5 c4 19. axb6 Qxb6 20. Be3 Qd8 21. Bd4
Qf6 22. Ne4 Qg7 23. Rxc4 Bb5 24. Bxe5 Qxe5 25. Rc7 Nf6 26. Nxf6+ Qxf6 27. e3
Rec8 28. Rbc1 Qd8 29. Rxc8 Rxc8 30. Rc3 Rb8 31. h4 Qf6 32. Rc1 Qe7 33. Qd4 h5
34. e4 Be8 35. f4 Qb7 36. e5 Qb6 37. Qxb6 Rxb6 38. Rc7 Ba4 39. Bh3 Kf8 40. Ra7
dxe5 41. fxe5 Rxb4 42. Rxa6 Re4 43. d6 Bb5 44. Ra8+ Kg7 45. e6 fxe6 46. d7 Bxd7
47. Ra7 Kf8 48. Rxd7 Ra4 49. Rd6 Ra1+ 50. Kf2 Ra2+ 51. Ke3 Ra3+ 52. Rd3 Ra1 53.
Rb3 Ra6 54. Bg2 Ra4 55. Bf1 Ra5 56. Rb5 Ra7 57. Rg5 Rd7 58. Bd3 Ra7 59. Be4 1-0

[Event "51st Canadian Open 2014"]
[Site "Montreal CAN"]
[Date "2014.07.23"]
[Round "6.6"]
[White "Sambuev, Bator"]
[Black "Cheng, Bindi"]
[Result "1-0"]
[WhiteTitle "GM"]
[BlackTitle "IM"]
[WhiteElo "2526"]
[BlackElo "2410"]
[WhiteFideId "4128290"]
[BlackFideId "2682249"]
[EventDate "2014.07.19"]

1. e4 c5 2. Ne2 Nc6 3. Nbc3 g6 4. g3 Bg7 5. Bg2 d6 6. d3 e5 7. Nd5 Nce7 8. Ne3
Nf6 9. f4 Ng4 10. Nc3 Nxe3 11. Bxe3 Be6 12. O-O Qd7 13. Qd2 Rc8 14. f5 gxf5 15.
Bh6 Rg8 16. Bxg7 Rxg7 17. Rf2 Kd8 18. exf5 Nxf5 19. Raf1 Ne7 20. Qh6 Rg6 21.
Qxh7 f5 22. Nd5 Bg8 23. Qxe7+ Qxe7 24. Nxe7 Kxe7 25. Rxf5 b5 26. b3 Rb8 27. Be4
Rg7 28. Rf6 Rb6 29. c4 a5 30. Bd5 Bxd5 31. cxd5 c4 32. dxc4 bxc4 33. bxc4 Kd7
34. c5 1-0

[Event "51st Canadian Open 2014"]
[Site "Montreal CAN"]
[Date "2014.07.23"]
[Round "6.7"]
[White "Leveille, Francois"]
[Black "De Firmian, Nick E"]
[Result "0-1"]
[WhiteTitle "FM"]
[BlackTitle "GM"]
[WhiteElo "2281"]
[BlackElo "2509"]
[WhiteFideId "2600307"]
[BlackFideId "2000105"]
[EventDate "2014.07.19"]

1. d4 Nf6 2. c4 e6 3. Nc3 Bb4 4. e3 b6 5. Bd3 Bb7 6. Nf3 O-O 7. O-O c5 8. Na4
cxd4 9. exd4 Be7 10. Bf4 d6 11. Rc1 Nbd7 12. a3 Re8 13. Re1 Nf8 14. Nc3 Ng6 15.
Bg5 d5 16. Bxf6 Bxf6 17. cxd5 Bxd5 18. Nxd5 exd5 19. Rxe8+ Qxe8 20. Qb3 Nf4 21.
Re1 Qf8 22. Bb5 Qd6 23. g3 Ne6 24. Rd1 Rc8 25. Qa4 Rc7 26. Kg2 g6 27. h4 Kg7 28.
Re1 h5 29. Qd1 Qd8 30. Qd3 Qc8 31. Ba6 Qd7 32. Bb5 Qd6 33. Ba4 a6 34. Bb3 b5 35.
Qd2 Qb6 36. Bxd5 Nxd4 37. Nxd4 Bxd4 38. Re4 Bf6 39. Re3 Qc5 40. Bb3 Qc6+ 41. Kh2
Rd7 42. Qb4 Rd4 43. Qe1 Qd6 44. Rf3 Rxh4+ 45. Kg2 Rd4 46. Qe8 Qd7 47. Qa8 Rd6
48. Rf4 Rc6 49. a4 Rd6 50. axb5 axb5 51. Qb8 Qc6+ 52. Kh2 h4 0-1

[Event "51st Canadian Open 2014"]
[Site "Montreal CAN"]
[Date "2014.07.23"]
[Round "6.8"]
[White "Gerzhoy, Leonid"]
[Black "Panjwani, Raja"]
[Result "0-1"]
[WhiteTitle "IM"]
[BlackTitle "IM"]
[WhiteElo "2481"]
[BlackElo "2432"]
[WhiteFideId "2806126"]
[BlackFideId "2604493"]
[EventDate "2014.07.19"]

1. d4 Nf6 2. c4 e6 3. Nc3 Bb4 4. e3 Nc6 5. Bd3 O-O 6. Ne2 e5 7. O-O Bxc3 8. bxc3
d6 9. e4 Re8 10. f3 Nd7 11. f4 b6 12. fxe5 dxe5 13. Be3 exd4 14. cxd4 Nb4 15.
Bb1 c5 16. Nf4 Nc6 17. e5 cxd4 18. e6 fxe6 19. Nxe6 Rxe6 20. Bxh7+ Kh8 21. Qh5
Nf6 22. Rxf6 Qxf6 23. Bg5 Qxg5 24. Qxg5 Kxh7 25. Rf1 Re5 26. Qh4+ Kg8 27. g4 Re4
28. Qh5 Be6 29. g5 Ne5 30. h3 Rf8 31. Rxf8+ Kxf8 32. g6 d3 33. Kf2 d2 34. Qh8+
Bg8 35. Qh5 Re1 36. Qf5+ Ke8 37. Qc8+ Ke7 38. Qxg8 Rf1+ 39. Kxf1 d1=Q+ 40. Kf2
Qf3+ 0-1

[Event "51st Canadian Open 2014"]
[Site "Montreal CAN"]
[Date "2014.07.23"]
[Round "6.11"]
[White "Perez Garcia, Rodney Oscar"]
[Black "Rodriguez, Adrien"]
[Result "1/2-1/2"]
[WhiteTitle "IM"]
[WhiteElo "2357"]
[BlackElo "2203"]
[WhiteFideId "3500918"]
[BlackFideId "20691866"]
[EventDate "2014.07.19"]

1. e4 c5 2. Nf3 d6 3. Bb5+ Bd7 4. Bxd7+ Qxd7 5. O-O Nc6 6. c3 Nf6 7. Re1 e6 8.
d4 cxd4 9. cxd4 d5 10. e5 Ne4 11. Nbd2 Nxd2 12. Bxd2 Be7 13. Rc1 O-O 14. a3 b5
15. h4 Rfc8 16. Re2 a5 17. Bg5 Bf8 18. Rec2 a4 19. Qd2 b4 20. axb4 Nxb4 21. Rxc8
Rxc8 22. Rxc8 Qxc8 23. Qd1 Qa6 24. Bd2 Nd3 25. Qc2 Qc4 26. Qxc4 dxc4 27. Bc3 Bb4
28. Bxb4 Nxb4 29. Nd2 Nd3 30. Nxc4 Nxb2 31. Na3 Nd3 32. Kf1 f6 33. exf6 gxf6 34.
Ke2 Nf4+ 35. Kf3 Nd5 36. Ke4 Kf7 37. g4 Kg6 38. f4 Ne7 39. h5+ Kf7 40. f5 exf5+
41. gxf5 Ke8 42. d5 Nc8 43. Nc4 Nb6 44. Na3 Nc8 45. Nc4 Nb6 46. Na3 Nc8 1/2-1/2

[Event "51st Canadian Open 2014"]
[Site "Montreal CAN"]
[Date "2014.07.23"]
[Round "6.12"]
[White "Pina Vega, Sulennis"]
[Black "Foisor, Sabina-Francesca"]
[Result "0-1"]
[WhiteTitle "WGM"]
[BlackTitle "WGM"]
[WhiteElo "2317"]
[BlackElo "2234"]
[WhiteFideId "3503151"]
[BlackFideId "1212915"]
[EventDate "2014.07.19"]

1. e4 e6 2. b3 d5 3. Bb2 dxe4 4. Nc3 Nf6 5. Qe2 Be7 6. O-O-O c5 7. d3 exd3 8.
Rxd3 Bd7 9. g4 h6 10. Bg2 Qc7 11. Nh3 Na6 12. f4 Nb4 13. Rd2 O-O-O 14. a3 Nc6
15. Nb5 Qb6 16. Nd6+ Bxd6 17. Rxd6 Nd4 18. Qe5 Bc6 19. Bxc6 Rxd6 20. Qxd6 Qxc6
21. Qxc6+ Nxc6 22. Nf2 Ne8 23. Ne4 b6 24. h4 f6 25. h5 Kd7 26. Rd1+ Ke7 27. b4
cxb4 28. axb4 Nc7 29. b5 Nxb5 30. c4 Rc8 31. Kb1 Nbd4 32. Bxd4 Rd8 33. Bxf6+
gxf6 34. Rxd8 Nxd8 35. g5 fxg5 36. fxg5 hxg5 37. Nxg5 Kf6 38. Nf3 e5 39. Kc2 Nf7
40. Kc3 a5 41. Kd3 Nd6 42. Nd2 Kg5 43. Nb3 Nb7 44. Nd2 Nc5+ 45. Ke3 Kxh5 46. Nf3
e4 47. Nd4 Kg4 48. Nb5 a4 49. Na3 Kf5 50. Nc2 Nb3 51. Na3 Na5 52. Nb5 Nxc4+ 53.
Kd4 Nd2 54. Kc3 e3 55. Kb4 Nb3 56. Kc4 e2 0-1

[Event "51st Canadian Open 2014"]
[Site "Montreal CAN"]
[Date "2014.07.23"]
[Round "6.13"]
[White "Humphreys, Michael"]
[Black "Sapozhnikov, Roman"]
[Result "0-1"]
[WhiteTitle "FM"]
[BlackTitle "FM"]
[WhiteElo "2129"]
[BlackElo "2299"]
[WhiteFideId "2607522"]
[BlackFideId "2601842"]
[EventDate "2014.07.19"]

1. d4 Nf6 2. c4 g6 3. Nf3 Bg7 4. g3 O-O 5. Bg2 d6 6. O-O c6 7. Nc3 Qa5 8. e4 e5
9. h3 Nbd7 10. Re1 exd4 11. Nxd4 Ne5 12. Bf1 Be6 13. f4 Nxc4 14. f5 gxf5 15.
exf5 Bd5 16. Nxd5 Nxd5 17. Bxc4 Bxd4+ 18. Kh2 Qc5 19. Re4 Be5 20. Bh6 Qf2+ 21.
Kh1 Nf6 22. Rf4 Bxf4 23. gxf4 Kh8 24. Bxf8 Ne4 25. Bg7+ Kg8 26. Bxf7+ Kxf7 27.
Qh5+ Kg8 28. Rg1 Ng3+ 29. Rxg3 Qxg3 30. Bc3 Qxf4 31. f6 Qe4+ 32. Kh2 Qc2+ 33.
Kh1 Qg6 34. Qd1 d5 35. Kh2 Re8 36. Qf3 Qc2+ 37. Kh1 Kf7 38. Qg3 Qd1+ 39. Qg1
Qxg1+ 40. Kxg1 Re2 0-1

[Event "51st Canadian Open 2014"]
[Site "Montreal CAN"]
[Date "2014.07.23"]
[Round "6.14"]
[White "Vera Gonzalez-Quevedo, Reynaldo"]
[Black "Ramachandran, Karthik N"]
[Result "1-0"]
[WhiteTitle "GM"]
[WhiteElo "2468"]
[BlackElo "2153"]
[WhiteFideId "3500055"]
[BlackFideId "2005115"]
[EventDate "2014.07.19"]

1. d4 Nf6 2. Nf3 e6 3. g3 d5 4. Bg2 Be7 5. c4 O-O 6. O-O dxc4 7. Ne5 Nc6 8. Nxc6
bxc6 9. Na3 Bxa3 10. bxa3 Nd5 11. Qa4 Nb6 12. Qa5 Bb7 13. Rd1 Qe7 14. Bd2 Rfd8
15. Bb4 Qf6 16. Bc5 e5 17. dxe5 Rxd1+ 18. Rxd1 Qxe5 19. Bxb6 Qxe2 20. Rd7 cxb6
21. Qxa7 Qe1+ 22. Bf1 Qe8 23. Qxb7 Rb8 24. Qxc6 Rc8 25. Qd5 c3 26. Bd3 1-0

[Event "51st Canadian Open 2014"]
[Site "Montreal CAN"]
[Date "2014.07.23"]
[Round "6.15"]
[White "Taborsky, Rostislav"]
[Black "Ruiz Sanchez, Orlen"]
[Result "1-0"]
[WhiteTitle "FM"]
[BlackTitle "IM"]
[WhiteElo "2193"]
[BlackElo "2465"]
[WhiteFideId "307491"]
[BlackFideId "3506231"]
[EventDate "2014.07.19"]

1. c4 c6 2. e4 d5 3. exd5 cxd5 4. d4 Nf6 5. Nc3 Nc6 6. Nf3 g6 7. Qb3 Na5 8. Qd1
Nxc4 9. Bxc4 dxc4 10. Qa4+ Bd7 11. Qxc4 Bg7 12. O-O O-O 13. Bg5 Rc8 14. Qe2 Be6
15. Rfe1 Re8 16. Rad1 Qa5 17. h3 Rcd8 18. a3 h6 19. Bf4 Nd5 20. Nxd5 Bxd5 21.
Be5 Bf8 22. Nh2 Rd7 23. Ng4 h5 24. Ne3 Red8 25. g4 hxg4 26. Qxg4 Be6 27. Qg3 Bg7
28. Bxg7 Kxg7 29. d5 Bxd5 30. Nf5+ Kg8 31. Nxe7+ Kg7 32. Nf5+ Kg8 33. Qg5 b6 34.
b4 Qb5 35. Re5 Bc4 36. Qxd8+ 1-0

[Event "51st Canadian Open 2014"]
[Site "Montreal CAN"]
[Date "2014.07.23"]
[Round "6.16"]
[White "Masse, Hugues"]
[Black "Plotkin, Victor"]
[Result "1/2-1/2"]
[BlackTitle "FM"]
[WhiteElo "2202"]
[BlackElo "2275"]
[WhiteFideId "2604264"]
[BlackFideId "2606674"]
[EventDate "2014.07.19"]

1. d4 d5 2. c4 dxc4 3. e3 Nf6 4. Bxc4 e6 5. Nf3 c5 6. O-O a6 7. Bb3 Nc6 8. Nc3
Be7 9. dxc5 Qxd1 10. Rxd1 Bxc5 11. Bd2 Bd7 12. Be1 b5 13. Ng5 Ke7 14. Nce4 Nxe4
15. Nxe4 Bb6 16. Rac1 Rhd8 17. Nc5 Be8 18. Rxd8 Kxd8 19. Bd1 Ra7 20. Be2 Nb8 21.
Bf3 Rc7 22. Nb7+ Ke7 23. Bb4+ Kf6 24. Bc3+ Kg6 25. Nd6 Bc6 26. Bxc6 Rxc6 27. Rd1
f6 28. Kf1 Bc5 29. Ne4 Be7 30. Ke2 e5 31. f3 Kf7 32. Nf2 Ke6 33. Nd3 Rc4 34. Bd2
Nc6 35. b3 Rc2 36. Ra1 Nb8 37. Kd1 Rc6 38. Rc1 Rxc1+ 39. Kxc1 f5 40. Kc2 Nd7 41.
Bb4 Bxb4 42. Nxb4 Nb8 43. e4 f4 44. Kc3 Kd6 45. a4 bxa4 46. bxa4 a5 47. Nd3 Nd7
48. Kc4 Kc6 49. Kc3 g5 50. h3 h6 51. Nb2 Nb6 52. Kb3 Kc5 53. Kc3 Kd6 54. Kb3 Kc5 1/2-1/2

[Event "51st Canadian Open 2014"]
[Site "Montreal CAN"]
[Date "2014.07.23"]
[Round "6.17"]
[White "Gentes, Kevin"]
[Black "Kleinplatz, Sam"]
[Result "1-0"]
[WhiteTitle "FM"]
[BlackTitle "FM"]
[WhiteElo "2261"]
[BlackElo "2257"]
[WhiteFideId "2601109"]
[BlackFideId "616680"]
[EventDate "2014.07.19"]

1. d4 Nf6 2. c4 g6 3. Nf3 Bg7 4. Nc3 d5 5. e3 c5 6. dxc5 Na6 7. cxd5 Nxc5 8. e4
O-O 9. e5 Nfe4 10. Nxe4 Nxe4 11. Qd4 Nd6 12. Be2 Nb5 13. Qh4 Nc7 14. Bh6 Nxd5
15. O-O Re8 16. Bc4 e6 17. Qxd8 Rxd8 18. Bxg7 Kxg7 19. Rfd1 Bd7 20. Bxd5 exd5
21. Nd4 Rac8 22. Rac1 Re8 23. Rxc8 Rxc8 24. f3 f6 25. exf6+ Kxf6 26. Kf2 Rc5 27.
Ke3 b6 28. h4 h6 29. Rd2 Ke5 30. g3 Bc8 31. Ne2 Kf6 32. a3 Be6 33. Nd4 Bf5 34.
Nxf5 Kxf5 35. b4 Rc1 36. Rxd5+ Ke6 37. Rd3 g5 38. hxg5 hxg5 39. Kd4 Rg1 40. g4
Rc1 41. Re3+ Kf6 42. Kd5 Rc2 43. Re6+ Kf7 44. Rc6 Rd2+ 45. Ke4 Rd7 46. f4 gxf4
47. Kxf4 Kg7 48. g5 Kf8 49. Ke5 Kf7 50. Rf6+ Kg8 51. Rd6 Re7+ 52. Kf6 Rf7+ 53.
Ke6 Rf3 54. Rd8+ Kg7 55. Rd7+ Kg6 56. Rxa7 Kxg5 57. Kd5 Rc3 58. a4 1-0

[Event "51st Canadian Open 2014"]
[Site "Montreal CAN"]
[Date "2014.07.23"]
[Round "6.18"]
[White "Villavieja, Butch"]
[Black "Zhang, Yuanchen"]
[Result "1-0"]
[BlackTitle "FM"]
[WhiteElo "2158"]
[BlackElo "2170"]
[WhiteFideId "5204461"]
[BlackFideId "2611902"]
[EventDate "2014.07.19"]

1. d4 Nf6 2. Nf3 e6 3. Nc3 d5 4. Bg5 Nbd7 5. e4 dxe4 6. Nxe4 h6 7. Bxf6 Nxf6 8.
Bd3 Be7 9. Qe2 O-O 10. O-O-O c5 11. dxc5 Qc7 12. Kb1 Bd7 13. Nd4 Nd5 14. g3 Bxc5
15. Nxc5 Qxc5 16. Nb3 Qb6 17. f4 a5 18. c4 a4 19. cxd5 axb3 20. a3 exd5 21. Qh5
Qf6 22. Rhe1 Bc6 23. Qe5 Qxe5 24. Rxe5 Ra4 25. Rc1 Rd4 26. Rc3 Ba4 27. Kc1 b5
28. Kd2 b4 29. axb4 Rxb4 30. Rxd5 Rb7 31. Rd4 Ra7 32. Bc4 Rb8 33. Rcd3 Kh7 34.
Rd8 Rb6 35. R3d4 1-0